| 000 | 01395nam a2200301 i 4500 | ||
|---|---|---|---|
| 001 | 163766 | ||
| 003 | ES-MaACL | ||
| 005 | 20250904063104.0 | ||
| 008 | 931025s1781 sp |||| | spa d | ||
| 100 | 1 |
_aRodríguez de Castro, José, _d1730-1799 _9166445 |
|
| 245 | 1 | 0 |
_aBiblioteca española : _btomo primero, que contiene la noticia de los escritores rabinos españoles desde la epoca conocida de su literatrua hasta el presente / _csu autor D. Joseph Rodriguez de Castro. |
| 260 |
_aEn Madrid : _ben la Imprenta Real de la Gazeta, _c1781. |
||
| 300 |
_a[34], 668, [168] p. ; _cFol. |
||
| 510 | 4 | _aPalau 233764 | |
| 530 | _aDisponible en formato digital. | ||
| 546 | _aTexto en español y hebreo. | ||
| 597 | _aSign.: [a]-h\p2\s, i\p1\s, A-Z\p4\s, 2A-2Z\p4\s, 3A-3B\p4\s, 3C-3D\p2\s, 3E-3Z\p4\s, 4A-4P\p4\s, 4Q\p2\s, 4R-4Z\p4\s, 5A-5O\p4\s. | ||
| 597 | _aError tip. de sign. en 2K\b1\s consta 2G\b1\s. | ||
| 597 | _aTexto a dos col. | ||
| 597 | _aAntep. | ||
| 650 | 4 |
_aEscritores hebreos- _vBiobibliografías. _9172443 |
|
| 650 | 4 |
_aLiteratura rabínica- _vBibliografías. _9172444 |
|
| 710 | 2 |
_aImprenta de la Gaceta _9134467 |
|
| 752 |
_aEspaña - _dMadrid |
||
| 852 |
_aES-MaACL _jR-130 _z- Enc. hol. _d- Olim: B-473 |
||
| 856 |
_uhttp://bdh-rd.bne.es/viewer.vm?id=0000046223&page=1 _zBiblioteca Digital Hispánica _z(V. 1-2) |
||
| 999 |
_c163766 _d163766 |
||